Who invented Hinduism : (Record no. 1715750)

MARC details
000 -LEADER
fixed length control field 00779cam a2200265 a 4500
001 - CONTROL NUMBER
control field 14376311
003 - CONTROL NUMBER IDENTIFIER
control field OSt
005 - DATE AND TIME OF LATEST TRANSACTION
control field 20260319114809.0
008 - FIXED-LENGTH DATA ELEMENTS--GENERAL INFORMATION
fixed length control field 060513s2006 ii b 001 0 eng
040 ## - CATALOGING SOURCE
Transcribing agency HDL
Language of cataloging eng
042 ## - AUTHENTICATION CODE
Authentication code lcode
043 ## - GEOGRAPHIC AREA CODE
Geographic area code a-ii---
050 00 - LIBRARY OF CONGRESS CALL NUMBER
Classification number BL2001.3
Item number .L67 2006
100 1# - MAIN ENTRY--PERSONAL NAME
Personal name Lorenzen, David N.
9 (RLIN) 1132356
245 10 - TITLE STATEMENT
Title Who invented Hinduism :
Remainder of title essays on religion in History /
Statement of responsibility, etc. David N. Lorenzen.
260 ## - PUBLICATION, DISTRIBUTION, ETC.
Place of publication, distribution, etc. New Delhi :
Name of publisher, distributor, etc. Yoda Press,
Date of publication, distribution, etc. 2006.
300 ## - PHYSICAL DESCRIPTION
Extent xxi, 284 p. ;
Dimensions 23 cm.
336 ## - CONTENT TYPE
Content type term text
Content type code txt
Source rdacontent
337 ## - MEDIA TYPE
Media type term unmediated
Media type code n
Source rdamedia
338 ## - CARRIER TYPE
Carrier type term volume
Carrier type code nc
Source rdacarrier
440 #0 - SERIES STATEMENT/ADDED ENTRY--TITLE
Title New perspectives on Indian pasts
9 (RLIN) 1132529
651 #0 - SUBJECT ADDED ENTRY--GEOGRAPHIC NAME
Geographic name India
General subdivision Religion.
9 (RLIN) 1132355
942 ## - ADDED ENTRY ELEMENTS (KOHA)
Source of classification or shelving scheme Colon Classification (CC)
Koha item type Textual
Suppress in OPAC No
Holdings
Withdrawn status Lost status Source of classification or shelving scheme Damaged status Not for loan Home library Current library Date acquired Total Checkouts Date last seen Price effective from Koha item type
    Colon Classification (CC)     Department of History Library Department of History Library 2026-03-19   2026-03-19 2026-03-19 Textual
Copyright @ Delhi University Library System